Океания: Страны, столицы, валюты, языки и т.д. - Statistics

General Stats
  • This quiz has been taken 8 times
  • The average score is 59 of 105
Answer Stats
Страны Океании % Correct
Австралия
100%
Новая Зеландия
100%
Соломоновы острова
100%
Тонга
100%
Тувалу
100%
Фиджи
100%
Канберра
75%
австралийский доллар
75%
английский
75%
Вануату
75%
Кирибати
75%
кирибати
75%
католическое христианство
75%
Маршалловы острова
75%
доллар США
75%
Науру
75%
Веллингтон
75%
новозеландский доллар
75%
Палау
75%
Папуа-Новая Гвинея
75%
Самоа
75%
доллар Соломоновых островов
75%
тувалуанский доллар
75%
Федеративные Штаты Микронезии
75%
фиджийский доллар
75%
Сидней
50%
атеизм
50%
французский
50%
протестантское христианство
50%
Южная Тарава
50%
Маджуро
50%
Окленд
50%
Хониара
50%
Нукуалофа
50%
0,011
50%
0,012
50%
0,019
50%
0,067
50%
0,108
50%
0,116
50%
0,133
50%
0,207
50%
0,349
50%
0,771
50%
0,935
50%
10,112
50%
27,936
50%
5,022
50%
Порт-Вила
25%
вату
25%
бислама
25%
маршалльский
25%
Ярен
25%
Денигомоду
25%
науруанский
25%
маори
25%
Нгерулмуд
25%
Корор
25%
палауанский
25%
Порт-Морсби
25%
кина
25%
ток-писин
25%
хири-моту
25%
Апиа
25%
тала
25%
самоанский
25%
нео-соломоник
25%
паанга
25%
тонганский
25%
Фунафути
25%
тувалуанский
25%
Паликир
25%
Вено
25%
Сува
25%
фиджийский
25%
индийский (фиджийский хинди)
25%
No matching quizzes found
Score Distribution
Percent of People with Each Score
Percentile by Number Answered
Your Score History
You have not taken this quiz